000 00848cab a2200241 4500
001 ABS43278
008 090401t1990 xxu||||| |||| 00| 0 eng d
035 _a(Sirsi) u41190
041 _aeng
100 _aRodgers, C.
245 _aRepossessing farmland for non-agricultural use
260 _c1990
350 _a0
490 _aSolicitors` Journal
_v134(34) 24 August 1990, 942-945(3)
520 _aA review of the Agricultural Holdings (Amendment) Act 1990, which gives the tenant security of tenure if land is used for a non-agricultural use, reversing the effect of the Bell v McCubbin decision.
650 _aAGRICULTURAL HOLDINGS ACT 1986 SCH 3 CASE B
650 _aAGRICULTURAL HOLDINGS AMENDMENT ACT 1990
650 _aDIVERSIFICATION
650 _aFARMLAND
690 _aRURAL PRACTICE
942 _n0
948 _c04/03/1997
999 _c26459
_d26459